000 00384nam a2200157Ia 4500
003 Ost
005 20260225132549.0
008 260225s9999||||xx |||||||||||||| ||und||
040 _cfsic
041 _afre
082 _a440
100 _aCamille lacoste -dujardin
_eAuteur
245 0 _aLe conte kabyle etude ethnologique /
245 0 _cCamille lacoste -dujardin
942 _cكتاب
999 _c34037
_d34037